000 00293nam a2200121 a 4500
008 101022s1973|||| d
100 1 _aLipatov, Vil
245 1 0 _a...Ešte pred vojnou
260 _bSlovenský spisovateľ
_aBratislava
_c1973
041 _aslo
020 _c12
044 _axo
_cSK
999 _c12016
_d12016